000
002260000a22000970004500
100
1
_a
Rees, Dai
245
1
0
_a
Recolección de agua a bajo costo
300
_a
Núm 46 (2001), Páginas 10-11
773
0
_t
Paso a paso
942
_c
ANA
999
_c
52582
_d
52582